Statistics for Countries That Legalized Gay Marriage

Click here to take the quiz!

General Stats

  • This quiz has been taken 228 times
  • The average score is 20 of 24

Answer Stats

YearCountry% Correct
2015United States
98%
2005Canada
96%
2015Finland
94%
2000Netherlands
94%
2008Norway
94%
2017Germany
93%
2009Sweden
93%
2005Spain
92%
2014United Kingdom
92%
2003Belgium
90%
2013France
89%
2010Portugal
89%
2015Ireland
88%
2017Australia
87%
2012Denmark
86%
2010Iceland
83%
2013New Zealand
83%
2010Argentina
82%
2013Brazil
80%
2014Luxembourg
78%
2006South Africa
62%
2016Colombia
57%
2013Uruguay
57%
2017Malta
46%

Score Distribution

Percentile by Number Answered

Percent of People with Each Score

Your Score History

You have not taken this quiz